000 01142nam a2200313 a 4500
001 000109681
003 CHAP
005 20220329144059.0
008 140520s2014 mx | |sm |||||||spa|d
010 _a106143
011 _a107115
040 _cCHAP
090 _aTesis
100 1 _aJiménez García, Elia
_9126897
245 1 0 _aInfluencia del sistema de conducción en la calidad de mosto y productividad de Vitis vinifera L. var. macabeu, en Lleida España
_h[En línea]
_cpor Elia Jiménez García.
260 _aChapingo, Méx. :
_bEl autor,
_c2014.
500 _aPara ver el contenido del material haga clic en la liga
502 _aTesis (Ing. Agr. Esp. en Fitotecnia) -- UACH. Departamento de Fitotecnia
590 _aBATCH-UPD
_b05
_c20141002
_lUCH01
_h0904
590 _aE792CSJ
_b05
_c20140520
_lUCH01
_h0928
590 _aE792CSJ
_b05
_c20140520
_lUCH01
_h0928
650 1 4 _aUva
_xCalidad.
_9117122
650 1 4 _aVid
_xRendimiento.
_9119139
650 1 4 _aVino
_xElaboración
_xEspaña.
_9119865
856 _aFinding aid
_uhttp://10.13.5.2/tesis/sist109681.pdf
_zTeclea aquí
901 _aBK
942 _cTESIS
942 _n0
999 _c106143
_d106143